000 00807cam a22002411 4500
001 he 68000827
003 DLC
005 20260227111455.0
008 840321s1967 is 000 0 heb
010 _ahe 68000827
035 _a(OCoLC)19138566
040 _aDLC
_cMH
_dDLC
042 _apremarc
050 0 0 _aPJ5051.P3
_bA7 1967
100 1 _aPappenheim, Solomon,
_d1740-1814.
245 1 0 _aAgadat arbaʻ kosot /
_cmenuḳadah, mevoʼarah, u-mughah ʻal yede Daṿid Slutsḳi ṿe-I. D. Tumpowski.
260 _a[Tel Aviv] :
_bUniversiṭat Tel Aviv, ha-Faḳultah le-madaʻe ha-ruʼaḥ, ha-Ḥug le-sifrut ʻIvrit,
_c727 [1967]
300 _a50 p. ;
_c17 cm.
500 _aReprint of Warsaw, 1863 edition.
700 1 _aSlucki, David.
752 _aPoland
_dWarsaw
752 _aIsrael
_dTel Aviv
999 _c33101
_d33101